[Event "USA-ch"]
[Site "Seattle"]
[Date "2000.10.02"]
[Round "7"]
[White "De Firmian, Nick E"]
[Black "Shabalov, Alexander"]
[Result "1/2-1/2"]
[WhiteElo "2567"]
[BlackElo "2601"]
[Annotator "Golod,V"]
[PlyCount "80"]
[EventDate "2000.09.25"]
[EventType "tourn"]
[EventRounds "11"]
[EventCountry "USA"]
[EventCategory "14"]
[SourceTitle "CBM 080"]
[Source "ChessBase"]
[SourceDate "2001.01.25"]
[SourceVersion "1"]
[SourceVersionDate "2001.01.25"]
[SourceQuality "1"]

1. e4 c5 2. Nf3 Nc6 3. Nc3 e6 4. d4 cxd4 5. Nxd4 Nf6 6. Nxc6 bxc6 7. e5 Nd5 8.
Ne4 Qc7 9. f4 Qb6 10. c4 Bb4+ 11. Ke2 f5 $5 (11... Ba6 $5 {[%csl Rc4] See
comments to Yagupov,I-Malakhatko,V/St.Petersburg, 1999/CBM 74 (0-1)(Golod,V)
(67)}) 12. Nf2 ({Does not give advantage:} 12. exf6 Nxf6 13. Be3 Qa5 14. Nxf6+
gxf6 15. Kf2 O-O 16. Bd3 Rf7 17. Qc2 Bf8 18. c5 Ba6 $11 {Wiersma,E-Timoshenko,
G/Groningen,1999 (1/2-1/2)(25)}) 12... Ba6 13. Kf3 Ne7 14. Qa4 $5 {[%mdl 4]} ({
Was checked in the previous games:} 14. Be3 $5 Bc5 15. Bxc5 Qxc5 16. Qd6 Qb6
17. b3 c5 18. Be2 $5 (18. Rd1 $5 {Shirov,A}) (18. Kg3 $143 Nc8 19. Qd2 Ne7 20.
Be2 Rd8 21. Bh5+ g6 22. Bf3 d5 $11 {Rebel_Tiger 12.0e-Nimzo 7.32/Cadaques ESP,
2000(0-1)(38)}) 18... Rc8 (18... Nc6 $142 $13 {Shirov,A}) (18... Kf7 $5 19.
Rhd1 Rhd8 20. Ke3 Bb7 21. Bh5+ Kf8 22. Bf3 Bxf3 23. gxf3 Rac8 24. Qxb6 axb6 25.
Rd6 Rc6 $11 {Adams,M-Ivanchuk,V/Frankfurt,2000(1/2-1/2) (40)}) 19. Rhd1 Rc7 20.
Ke3 $1 $14 {See comments to Shirov,A-Krasenkow,M/Polanica Zdroj,1998/ CBM 67
(1-0)(Shirov,A)(56)}) 14... c5 $6 {[%csl Rb4]} ({Can be recommended:} 14... Rb8
$5) 15. h4 $1 $146 {This move is directed against g5 and also with idea to
hide the king on point h2. Therefore is weak:} (15. Be3 Bb7+ 16. Kg3 g5 17. Nd3
gxf4+ 18. Bxf4 Rg8+ $40 {Van Riemsdijk,H-Schutt,R/Sao Paulo,1991(1/2-1/2)(60)})
15... O-O ({After:} 15... Qc6+ 16. Qxc6 Nxc6 17. Be3 {white has a big
positional advantage,but after a move in the game at black unsoluble problems
with bishop "b4" and pawn "c5".}) 16. Be3 $16 {/^a7-g1;/\a3 and b4} ({Riskyly
enough:} 16. Qxd7 {because of:} Nc6 $1 $36 {[%cal Gc6d4]}) 16... Rab8 $1 {
[%mdl 64] Unexpected tactical resource.} ({The figure is lost after:} 16...
Rfd8 $2 17. a3 Bb7+ 18. Kg3 Bc6 19. Qc2 $18) 17. a3 $140 Bd2 (17... Ba5 $2 18.
b4 {[%csl Rb6]} Qb7+ 19. Kg3 Bb6 20. b5 $18 {[%csl Ra6]}) 18. Bxd2 Qxb2 19. Bd3
$2 {Now all begins anew.} ({It was necessary:} 19. Rd1 $1 Rb3+ 20. Bd3 Nc6 $1 (
20... Rxa3 $2 21. Qxd7 $18) 21. Qxa6 Rxa3 {[%csl Ra6]} 22. Qxc6 $1 (22. Bc3
Qxc3 23. Qb7 Nd4+ 24. Kg3 Ne2+ $13) 22... dxc6 23. Bc1 {[%csl Ra3,Rb2,Gc1]}
Rxd3+ (23... Qa2 $5 $16) 24. Rxd3 Qc2 25. Be3 {[%csl Rc2,Gd3,Ge3,Gf2] with the
technically won position.}) 19... Qxd2 20. Qxa6 Nc6 $1 {/\21...Nd4+ and 22...
Qe3+(פf2)} 21. Rae1 ({Leads to very bad position:} 21. Rhf1 $2 Nd4+ 22. Kg3
Qe3+ 23. Kh2 Qxf4+ 24. g3 (24. Kg1 Qg3 {[%csl Rg1][%cal Gd4f3]} 25. Kh1 Rb2 $19
) 24... Qe3 {[%cal Gb8b2]} 25. Ra2 f4 $17) 21... Rb3 22. Kg3 Nd4 $1 {With two
threats:Ne2+ or Nc2(צe1,e3).} 23. Qd6 {[%csl Rd3,Yd6][%cal Yd6d3]} ({Badly:} 
23. Qxa7 {in view of:} Nc2 $1 24. Rd1 Qe3+ 25. Kh2 Qxf4+ 26. Kg1 Ne3 $40) 23...
Ne2+ 24. Rxe2 $8 (24. Kf3 Qxf4+ 25. Kxe2 Rb2+ 26. Bc2 Rxc2+ 27. Kd3 Qd2#) (24.
Kh3 Qe3+ 25. Kh2 Qg3#) 24... Qxe2 {[%csl Rf4][%cal Ge2e3]} 25. Qxc5 Rxd3+ 26.
Nxd3 Qxd3+ 27. Kh2 {The tactical complications were finished in approximately
equal endgame.} Rb8 {[%csl Rg2][%cal Gb8b2,Gb2g2]} 28. Re1 h6 {[%csl Yh7][%cal
Yg8h7]} 29. Re3 Qd2 30. Qxa7 Rc8 {[%csl Rc4,Re3] Black here win back pawn in
view of equation of white figures.} (30... Rb2 $143 31. Qa8+ Kh7 32. Qf3) 31.
h5 Rxc4 32. Qa8+ Kf7 {Last attempt to play on a win.At once complete equality
after:} (32... Kh7 33. Qe8 Qxe3 34. Qg6+ Kg8 35. Qe8+ Kh7 $11) 33. Qf3 Rd4 34.
Kg3 {[%csl Yg3][%cal Yg3f4]} Qc2 35. Kh2 $11 {Already here it was possible to
agree to a drawn game.} Rd1 36. Kg3 Qd2 37. a4 Ra1 38. Rd3 Qe1+ 39. Kh3 Qh1+
40. Kg3 Qe1+ 1/2-1/2

[Event "Bermuda-A"]
[Site "Bermuda"]
[Date "2003.02.02"]
[Round "8"]
[White "Svidler, Peter"]
[Black "Al Modiahki, Mohamad"]
[Result "1-0"]
[WhiteElo "2693"]
[BlackElo "2571"]
[Annotator "Golod,V"]
[PlyCount "95"]
[EventDate "2003.01.25"]
[EventType "tourn"]
[EventRounds "11"]
[EventCountry "BER"]
[EventCategory "15"]
[SourceTitle "CBM 094"]
[Source "ChessBase"]
[SourceDate "2003.05.26"]
[SourceVersion "1"]
[SourceVersionDate "2003.05.26"]
[SourceQuality "1"]

1. e4 c5 2. Nf3 e6 3. d4 cxd4 4. Nxd4 Nc6 5. Nc3 Nf6 6. Ndb5 Bb4 7. a3 Bxc3+ 8.
Nxc3 d5 9. Bd3 {White first evade from the mainline theoretical variation: 9.
exd5!?} d4 {Rare move.More popular is:} (9... dxe4 $5) 10. Ne2 e5 {Simple and
good move. Black opens Bc8 and places PP on the black squares in view of
factor of black-squares bishop exchange.} 11. O-O O-O 12. f4 $5 {Peter Svidler
has decided to save on move:} (12. h3 {You can see comments to games:
Ponomariov,R-Kortschnoj,V/Donetsk,2001/CBM 81(1/2-1/2)(Golod,V)(63) and Shirov,
A-Grischuk,A/Linares,2001/CBM 82(1-0)(Golod,V)(32)}) 12... exf4 {From my point
of view,it's correct positional decision.} ({It was checked in the previous
games:} 12... Bg4 $6 13. h3 Bd7 14. f5 $14 {Cantin Zaborras,V-Sancho Cortes,M/
Aragon,1992(1-0)(33)}) ({and} 12... h6 13. h3 (13. Qe1 $5 {[%cal Ge1g3]}) 13...
exf4 14. Bxf4 Re8 15. Ng3 Ne5 16. Qd2 Bd7 17. Rf2 Qb6 18. Raf1 $36 {Fontaine,
R-Golubovic,B/Kastav,2002/CBM 87(1-0)(26)}) 13. Bxf4 Ng4 14. Qd2 $146 ({
Hardly is better:} 14. Qe1 Nge5 15. Qg3 f6 16. Kh1 a6 17. Bd2 Be6 18. Nf4 Qd7
$11 {Rjabzev,K-Nikolaev,N/St.Petersburg,2002(1/2-1/2)(42)}) 14... Nge5 {
The a little bit hasty decision.Can be recommended:} (14... Be6 15. Bg3 {/\Nf4}
(15. Bb5 $2 {[%csl Yc6,Rd4][%cal Gb5c6]} {[%tqu "En","White's last move was a
blunder. How can black exploit it?","It is necessary to use a weakness of the
white king!","","d4d3","",10]} d3 $1 {[%csl Rb5,Rg1][%cal Gd8b6]} 16. Bxd3 Qb6+
17. Kh1 Nf2+ 18. Rxf2 Qxf2) 15... Qb6 $13) 15. Bg3 Be6 ({Senselessly:} 15...
Bg4 {because of:} 16. Nf4 {[%cal Gf4d5,Gf4e6]}) 16. Nf4 ({Leads to equality:} 
16. Bxe5 $6 Nxe5 17. Qb4 Qg5 $1 {[%csl Rd3][%cal Gg5e3]} 18. Qxd4 (18. Nxd4
$143 Qe3+ 19. Kh1 Ng4 $132 {[%cal Gg4f2]}) 18... Rfd8 19. Qf2 Nxd3 20. cxd3
Rxd3 21. Nf4 Rd7 $11) 16... Qg5 {[%csl Rd2,Gg5][%cal Ya8e8] Black,using a case,
reconstruct the pieces.} 17. Qe2 Rae8 18. Bb5 a6 $6 ({It was necessary to
withdraw the bishop from exchange:} 18... Bg4 $5 19. Qd2 $140 a6 $13) 19. Nxe6
fxe6 ({I am not sure,that it was better:} 19... Rxe6 20. Ba4 {[%cal Ga4b3] /
^a2-f7}) 20. Bxc6 Nxc6 21. Bd6 $1 {<->f} Rxf1+ 22. Rxf1 Rd8 (22... e5 $4 {
is refuted by:} 23. Qc4+ Kh8 24. Qf7 {[%csl Rh8]} Qd8 (24... Rg8 25. Qxg8+ Kxg8
26. Rf8#) 25. Bf8 $1 $18 {[%csl Re8,Rg7]}) 23. e5 ({Also it deserves attention:
} 23. Qf2 {[%csl Rf7,Rf8][%cal Gf2f8]} Qe3 $140 24. e5 Qxf2+ 25. Kxf2 $14)
23... Qe3+ ({Is a possible continuation of the play:} 23... Ne7 {[%cal Ye7d5,
Ye7f5]}) 24. Qxe3 dxe3 25. Re1 $14 {This move is much better than:} (25. c3 Na5
26. Bc7 e2 27. Bxd8 (27. Re1 $143 Rd1 28. Kf2 Nc4 29. b3 (29. Rxe2 Rb1 {
[%csl Rb2]}) 29... Nxa3 30. Kxe2 Rxe1+ 31. Kxe1 Nb5 32. Ba5 b6 $11 {[%csl Rc3]}
) 27... exf1=Q+ 28. Kxf1 Nc4 29. b3 Nxe5 {+/=/=}) 25... Nd4 26. Rxe3 $1 ({
There is no sense to give a counterplay for black:} 26. c4 e2 {[%csl Ge2]})
26... Nxc2 27. Rb3 b5 ({After:} 27... Rd7 {White begin to catch the knight of
the contender:} 28. Rd3 {[%csl Rc2][%cal Yg1f2,Yf2e2,Ye2d2]}) 28. Rc3 Nd4 29.
Kf2 h5 ({Leads to very bad position:} 29... Nf5 30. Rc6 a5 31. g4 $1 Nxd6 32.
exd6 Kf7 33. Ke3 e5 34. Ke4 Ke6 35. Rc5 {[%csl Rb5,Re5]}) 30. Rc7 Nf5 31. Bb4 (
31. Rc6 $143 a5) 31... Rd5 $2 {Now black will be doomed on passive defence.It
was much better:} (31... Rd4 32. Bc3 $140 Rf4+ 33. Ke2 Rg4 $132) 32. Bc3 {
[%csl Ra6,Yc3,Re6][%cal Gc7c6,Yc3b2,Yc3e5]} a5 ({After:} 32... Nh6 {white also
keep a big advantage:} 33. Rc6 Ng4+ 34. Ke2 Kf7 35. Rxa6 Nxe5 36. Ra7+ {+/=/+/-
}) 33. Bxa5 Rxe5 34. Bc3 Rd5 35. g3 {[%csl Rg7][%cal Yh2h3,Yg3g4]} g5 36. b3 {
[%cal Ga3a4]} g4 37. a4 $16 {[%csl Ga4][%cal Ga4a5,Ga5a6] This pawn should
bring a victory for white.} Nd6 $6 (37... bxa4 $142 38. bxa4 Rd6 39. a5 Ra6 40.
Ke2 Kf8 41. Kd3 Ke8 {[%cal Ge8d8]}) 38. a5 Ne4+ ({Loses right away:} 38... Rc5
39. Rxc5 Ne4+ 40. Ke3 Nxc5 41. Kf4 $18 {[%csl Rf4,Rh5][%cal Gf4g5]}) 39. Ke3
Nxc3 40. Rxc3 b4 $8 {Differently,white will borrow this point:} (40... Rd1 41.
b4 Rb1 42. Ra3 Rc1 43. a6 Rc8 44. a7 Ra8 45. Kd4 $18 {[%cal Yd4c5,Yc5b6,Yb6b7]}
) 41. Rc8+ Kf7 42. a6 Ra5 43. Rc7+ Kf6 44. a7 Ra1 (44... Ke5 $2 45. Rc5+ Rxc5
46. a8=Q) ({More stubborn resistance after:} 44... e5 {[%cal Yf6e6,Ye6d6]} 45.
Kd3 $18 {[%cal Yd3c4,Yc4b4]}) 45. Kd4 $18 {[%cal Yd4c5,Yc5b6,Yb6b7]} e5+ 46.
Kc5 e4 47. Kb6 e3 48. Rc8 {After this move black resigns,because of next
variant:} (48. Rc8 Ke5 49. a8=Q Rxa8 50. Rxa8 Kd4 51. Re8 Kd3 52. Kb5) 1-0

[Event "BIH-chT"]
[Site "Neum"]
[Date "2002.06.03"]
[Round "3.2"]
[White "Perunovic, Milos"]
[Black "Golubovic, Boris"]
[Result "1-0"]
[WhiteElo "2478"]
[BlackElo "2462"]
[Annotator "Golod,V"]
[PlyCount "88"]
[EventDate "2002.06.02"]
[EventType "team"]
[EventRounds "9"]
[EventCountry "BIH"]
[SourceTitle "CBM 090"]
[Source "ChessBase"]
[SourceDate "2002.09.20"]
[SourceVersion "1"]
[SourceVersionDate "2002.09.20"]
[SourceQuality "1"]
[WhiteTeam "Bijeljina"]
[BlackTeam "Brijeg"]
[WhiteTeamCountry "BIH"]
[BlackTeamCountry "BIH"]

1. e4 c5 2. Nf3 e6 3. d4 cxd4 4. Nxd4 Nf6 5. Nc3 Nc6 6. Ndb5 Bb4 7. a3 Bxc3+ 8.
Nxc3 d5 9. exd5 {It's main line.} (9. Bd3 $5 {See comments to Ponomariov,
R-Kortschnoj,V/Donetsk,2001/CBM 81(1/2-1/2)(Golod,V)(63)}) 9... exd5 10. Bd3
O-O 11. O-O d4 $1 {It's best move.} 12. Ne4 {Nowadays- 12.Ne4 is not actual.} (
12. Ne2 $5 {You can see comments to Bosch,J-Janssen,R/Wijk aan Zee,1999/CBM 69
(1/2-1/2)(Golod,V)(37)}) 12... Bf5 13. Bg5 Bxe4 14. Bxe4 h6 15. Bh4 ({More
essentially:} 15. Bxf6 {You can see comments to Zapata,A-Lima,D/Santos,2001/
CBM 82(1-0)(Golod,V)(34)}) 15... g5 $1 {Immediately it is necessary to
exchange one of bishop.} 16. Bxc6 bxc6 17. Bg3 Qd5 {[%cal Gf6e4]} 18. f4 $5 {
[%mdl 4] A little bit risky idea.White want as soon as possible to reach the
black king.} ({Is a possible continuations of the play:} 18. Qd3 $5) (18. f3 $5
) (18. Re1 $5) ({and} 18. h4 $6) 18... Ne4 19. Qd3 {[%csl Yd3]} ({Also
deserves attention:} 19. Qh5 $5 Kg7 20. Rad1 Rad8 (20... Nxg3 $6 21. hxg3 Rad8
22. f5 $14) 21. Rd3 c5 (21... gxf4 $5 22. Qg4+ Qg5 23. Rxf4 f5 24. Qd1 c5 $132)
22. fxg5 hxg5 23. c3 f5 $6 (23... Nxg3 $142 24. Rxg3 f6 {+/=/=}) 24. cxd4 cxd4
25. Rfd1 f4 26. Be1 $14 {Kveinys,A-Sorokin,M/Slupsk,1992(1-0)(42)}) 19... f5 $6
({Can be recommended:} 19... Rad8 20. fxg5 hxg5 21. Rae1 f5 22. h4 $140 $6 Qb5
$1 $36 {[%csl Rg3] Srebrnic,M-Moreno Tejera,E/Aviles,2000(1-0)(40)}) ({or} 
19... Rae8 $5) 20. fxg5 hxg5 21. h4 $1 $146 {[%csl Rg8]} ({Was checked in the
previous game:} 21. Rad1 $5 Rad8 (21... c5 22. b4 cxb4 23. axb4 Rac8 {[%csl
Rc2]} 24. Bf2 $14) 22. Bf2 c5 23. c3 Qb3 24. cxd4 Qxd3 25. Rxd3 c4 26. Rdd1 Rb8
27. Be1 Rxb2 28. Rc1 Rfb8 29. Bb4 Rb5 30. Rxc4 a5 31. Rc8+ Kf7 32. Rc7+ Kg6 33.
Rc6+ Kf7 34. Bc5 f4 $44 {Georgiev,K-Chandler,M/Leningrad,1987(1/2-1/2)(41)})
21... Rad8 ({Probably,it was possible to stop on:} 21... Qb5 {[%csl Yd3,Rg3]}
22. Be1 $140 g4 $1 (22... Qxd3 $2 23. cxd3 Nc5 24. Bb4 Nxd3 25. Bxf8 Rxf8 26.
Rad1 Nxb2 27. Rxd4 $16) (22... gxh4 $143 23. Bxh4 Qxb2 24. g4 $36 {[%csl Rg8]})
23. Qxd4 Rad8 24. Qb4 Qd5 $44) ({Pretty dubiously:} 21... f4 $6 22. Bh2 gxh4
23. Bxf4 Rae8 24. Rae1 Rf7 (24... Re7 $144 25. Bh6 Rxf1+ 26. Rxf1 Rf7 27. Re1
$14) 25. Bh2 Rxf1+ 26. Rxf1 Rf8 27. Re1 $14) 22. hxg5 c5 {[%cal Gc5c4]} (22...
Nxg5 $2 {is refuted by:} 23. Bh4 {[%csl Rd8,Rg5]} Ne4 (23... f4 $4 24. Qg6+)
24. Bxd8 Rxd8 25. Rae1 $18) 23. b3 Rd7 ({Again impossibly:} 23... Nxg5 $2 {
in view of:} 24. Bh4 {[%csl Rd8,Rg5]}) 24. Bf4 $14 Rc8 25. Rae1 c4 26. bxc4
Rxc4 ({It would seem not bad:} 26... Qxc4 {but,at disposal of white there is a
very strong objection:} 27. g4 $1 {[%csl Re4]} Rg7 28. gxf5 Nxg5 29. Re8+ $1
Kf7 30. Rxc8 Qxc8 31. Kf2 $16) 27. Rb1 Rc3 $2 {After this mistake,white has a
easy win.Probably,Boris Golubovic blundered,because he didn't see 29.Qa6! It
was necessary:} (27... Rc8 28. Rb8 (28. Rb5 Nc5 29. Qh3 Rh7 30. Qf3 $14) 28...
Rxb8 29. Bxb8 Rg7 $14) 28. Rb8+ Rd8 ({Also loses:} 28... Kg7 {because of:} 29.
Qe2 {[%csl Rg7][%cal Ge2h5]} Kg6 (29... Rd8 30. Be5+ Kg6 31. Qa6+ $18) 30. Rh8
Rh7 31. Rxh7 Kxh7 32. Qh5+ $18) 29. Qa6 $1 {[%csl Rg8]} Rxb8 $140 30. Qg6+ {
The important intermediate move!} Kf8 ({A little bit better is:} 30... Kh8 31.
Bxb8 {[%cal Gf1f4,Gf4h4]} Rc6 (31... Rxc2 $2 32. Rxf5 Rxg2+ 33. Kxg2 Qa2+ 34.
Kf3 $18) 32. Rxf5 Rxg6 33. Rxd5 Nc3 34. Rd8+ Kh7 35. Bxa7 $18 {[%csl Rd4]}) 31.
Bxb8 {[%csl Rf5]} Rc5 32. Bxa7 $1 $18 {[%csl Yc5,Rf5] Now black can not keep
the field "f5".} Ra5 (32... Rb5 $144 33. a4 Ra5 34. Bb6 {[%csl Ya5,Rf5][%cal
Gb6a5]}) 33. Bb6 {The rest is the matter of technics.} d3 (33... Rb5 $143 34.
a4 Rxb6 35. Rxf5+ Nf6 (35... Ke7 36. Qg7+) 36. Rxf6+ Rxf6 37. gxf6 {[%csl Ga4,
Rf8][%cal Gg6g7,Gg7e7]}) 34. cxd3 Qxd3 35. Qh6+ {[%csl Yh6]} Ke7 36. Qg7+ Ke8
37. Qh8+ {[%csl Yh8][%cal Yh8a1,Yh8h1]} Ke7 38. Bxa5 Qe3+ 39. Kh2 Qg3+ 40. Kh1
Nf2+ 41. Rxf2 Qxf2 42. Qd8+ Kf7 (42... Ke6 43. Qd1) 43. Qf6+ Ke8 44. Qe6+ Kf8 (
44... Kf8 45. Bb4+ Kg7 46. Qf6+ Kg8 (46... Kh7 47. Qf7+ Kh8 48. Bc3+) 47. Qg6+
Kh8 48. Bc3+) 1-0

[Event "Linares 16th"]
[Site "Linares"]
[Date "1999.02.27"]
[Round "6"]
[White "Kasparov, Garry"]
[Black "Leko, Peter"]
[Result "1/2-1/2"]
[WhiteElo "2812"]
[BlackElo "2694"]
[Annotator "Golod,V"]
[PlyCount "95"]
[EventDate "1999.02.21"]
[EventType "tourn"]
[EventRounds "14"]
[EventCountry "ESP"]
[EventCategory "20"]
[SourceTitle "CBM 070"]
[Source "ChessBase"]
[SourceDate "1999.06.08"]
[SourceVersion "1"]
[SourceVersionDate "1999.06.08"]
[SourceQuality "1"]

1. e4 c5 2. Nf3 e6 3. Nc3 Nc6 4. d4 cxd4 5. Nxd4 Nf6 6. Nxc6 bxc6 7. e5 Nd5 8.
Ne4 Bb7 $146 {[%mdl 8]} (8... Qc7 $5 {-see comments to Hector,J-Ziegler,A/
Goteborg 1999/CBM 69(1-0)(Golod,V)(37) Besides:8...Qa5;8...f5;8...Qh4;8...Ba6;
8...Be7;8...Qb6;8...c5 and 8...h6-was checked in the previous games.}) 9. Be2 (
{Can be recommended:} 9. c4 $5 Nb4 $1 ({Badly:} 9... Bb4+ {in view of:} 10. Bd2
Qh4 11. Bd3 $1 (11. Qf3 $143 {[%csl Rb7,Re8][%cal Ge4d6]} f5 12. exf6 Bxd2+ 13.
Kxd2 O-O $1 ({Loses:} 13... Nxf6 $2 14. Nd6+ Ke7 15. Nxb7 Rhb8 16. Qa3+ $18)
14. cxd5 cxd5 15. Ng3 (15. Qg3 $2 Qh6+ $15) 15... Rxf6 $44) 11... Ba6 ({
Loses right away:} 11... Ne3 $2 12. Qf3 Bxd2+ 13. Kxd2 Nf5 14. g4 $18 {[%csl
Rd6][%cal Ge4d6]}) 12. g3 $1 (12. Bxb4 $2 Nxb4 13. Nd6+ Ke7 14. Be4 {[%csl Rb4]
[%cal Ga2a3]} Qf4 15. a3 Qxe5 16. axb4 Bxc4 17. Nxc4 Qxe4+ 18. Ne3 Qxb4+ 19.
Qd2 $11) 12... Bxd2+ (12... Qd8 $2 13. Be2 $18) 13. Qxd2 Qh5 14. cxd5 Bxd3 15.
Qxd3 Qxe5 16. O-O cxd5 17. Nc3 {+/-/+-}) ({Also badly:} 9... Qh4 {because of:}
10. Qd4 $1 {[%csl Rd5,Rh4][%cal Ge4d6,Gg2g3]}) 10. c5 $140 Qh4 11. g4 {[%cal
Gc1g5]} (11. Bd3 $5) 11... Be7 $5 $13 (11... h5 $2 12. Qb3 a5 13. a3 Qxg4 14.
f3 $18)) 9... c5 $5 {/^a8-h1,/\Qc7(קe5)} 10. O-O {with the idea c4,Nd6} ({
Worse is:} 10. c4 {in view of:} Ne3 $1 11. Bxe3 Bxe4 12. f3 Bc6 $11) 10... Qc7
11. Nd6+ ({After:} 11. f4 {black has two equals options:} c4 {and} (11... f5))
11... Bxd6 12. exd6 Qc6 $5 {[%csl Gb7,Gc6,Rg2]} ({Another alternative is:} 
12... Qb6) 13. f3 ({Dubious:} 13. Bf3 {because of:} c4) 13... c4 {/\Rc8,Qd6}
14. Qd4 {[%csl Rc4,Rg7]} O-O 15. Bxc4 {with the idea:16.Bb3 and 17.c4} Qxd6 16.
Bb3 Qb6 $1 {Black transfers to nearly equal endgame.} 17. Rd1 Rfc8 18. Qxb6 (
18. c4 $143 Qxd4+ (18... e5 $2 19. Qf2 $1 (19. Qxb6 $143 Nxb6 20. Be3 Nxc4 $14)
19... Qxf2+ 20. Kxf2 Nb6 21. Be3 $16) 19. Rxd4 Nb6 {/\d5=}) 18... Nxb6 {
[%mdl 4096] +/=/=} 19. a4 $5 {[%csl Yb6,Rd7][%cal Ga4a5]} ({Senseless:} 19. Be3
{in view of:} d5 $11 {[%cal Gb6c4]} (19... Bd5 $2 20. Bxb6 axb6 21. Bxd5 exd5
22. c3 {[%csl Rb6,Rd5,Rd7] +/=/+/-_|_})) 19... d5 (19... Bd5 $2 {is refuted by:
} 20. a5 Nc4 ({Loses:} 20... Bxb3 $2 {because of:} 21. axb6 Bxc2 (21... Rxc2
$143 22. Bf4 $1 {[%cal Gb6b7]} Bd5 23. Rxd5 exd5 24. b7 $18) 22. Rd2 $1 {
[%csl Ra8,Rc2,Rc8][%cal Gb6b7,Gd2c2]} Rab8 $8 23. bxa7 Ra8 24. Rxd7 $18) 21.
Ra4 $1 {/\Rd4(פc4)|^}) 20. a5 Nc4 ({Worse is:} 20... Nd7 21. a6 Bc6 22. Ra5
$14) 21. a6 Bc6 22. Bxc4 $1 {only chance struggle for advantage.} dxc4 23. Be3
{[%csl Ra7]} Bd5 {Black's plan is: Rc6,f6,Kf7} 24. Ra5 Rc6 25. Rda1 {[%csl Ya1]
} f6 26. h4 $5 {[%cal Yh4g5]} ({Also can be recommended:} 26. Rb5 Rd6 (26...
Rc7 $5) 27. Raa5 {+/=/=}) 26... Kf7 27. Rb5 Rc7 {[%csl Yc7] /\Rd8} 28. Kf2 Rd8
29. Raa5 Ke7 30. Kg3 ({In my opinion better is:} 30. g4 $5) 30... h5 $5 {
[%cal Yh5g4]} 31. b4 cxb3 $8 32. cxb3 Rg8 $5 {/\g5(קg2)} 33. Rc5 Rd7 34. b4 g5
35. Rc2 $5 {with the idea Rac5,Rc7(קa7)} ({Dubious:} 35. hxg5 fxg5 {/\g4})
35... g4 36. Kf2 (36. f4 $6 Rb8 $132) 36... g3+ $1 37. Ke1 e5 38. Rd2 (38. b5
Rgd8 $132 {[%csl Re1]} ({Badly:} 38... Rb8 {because of:} 39. b6 $1 axb6 40. a7
Ra8 41. Bxb6 {+/=/+/-})) 38... Rgd8 39. Rc5 Ke6 40. b5 Rb8 $11 {[%csl Rb5]} 41.
Rd3 Rbd8 42. Rd2 (42. b6 {-see 44.b6}) 42... Rb8 43. Rd3 Rbd8 44. b6 axb6 45.
Rb5 Bc4 $1 ({Worse is:} 45... Bc6 {because of:} 46. Rxd7 Kxd7 ({Badly:} 46...
Rxd7 47. Rxb6 Kd6 $8 (47... Rc7 $2 48. a7 $18) (47... Kd5 $2 48. a7 Rxa7 $8 (
48... Rd8 49. Rb8 $18) 49. Rxc6 Ra3 (49... Ra1+ 50. Rc1 $18) 50. Bc1 (50. Rc5+
$2 Kd6 51. Bh6 (51. Bc1 Ra2 $1 $14) 51... Ra2 $1 $14) 50... Ra2 51. Rxf6 Rxg2
52. Be3 {+/-/+-}) 48. a7 Rd8 49. Rb8 Kd7 $16) 47. Rxb6 Ra8 48. a7 $1 {+/=/+/-})
46. Rxb6+ Kf5 47. Rxd7 Rxd7 48. a7 (48. Rc6 Bb5 49. Rb6 Bc4 $11) (48. a7 Rxa7
49. Rxf6+ Kxf6 50. Bxa7 $11) 1/2-1/2